| 000 | 00791nmc a2200289 a 4500 | ||
|---|---|---|---|
| 003 | AR-BaBNM | ||
| 005 | 20251128211741.0 | ||
| 008 | 116020s2003 ||||||||||||||000 | spa|| | ||
| 020 | _a950-518-829-3 | ||
| 040 | _cAR-BaBNM | ||
| 100 | 1 | _aGiroux, Henry A. | |
| 245 | 1 | 0 |
_aPedagogía y política de la esperanza _bteoría, cultura y enseñanza : una antología crítica |
| 250 | _a1ª ed. | ||
| 260 |
_aBuenos Aires _bAmorrortu _c2003 |
||
| 300 | 0 | _a380 p. | |
| 490 | 0 | _aAgenda educativa | |
| 650 | 4 | _aTEORIAS DE LA EDUCACION | |
| 650 | 4 | _aEDUCACION MULTICULTURAL | |
| 650 | 4 | _aINTELECTUALES | |
| 653 | 0 | _aPOSMODERNIDAD | |
| 653 | 0 | _aPEDAGOGIA CRITICA | |
| 653 | 0 | _aTEORIAS CRITICAS | |
| 653 | 0 | _aGENERO | |
| 800 | 1 | _aLitwin, Edith | |
| 942 | _cBK | ||
| 998 | _cme-solo cat | ||
| 999 |
_c20949 _d20949 |
||